000 00915nam a2200217 a 4500
003 BD-DhJNU
005 20251118034857.0
008 251108s2019 bg |||g |||| 000 1|ben|d
020 _a9789843477071
040 _aBD-DhJNU
_bben
_cBD-DhJNU
_dBD-DhJNU
041 _aben
082 _a759.949 AFV
_223
100 _aআফরিন, সাজিয়া
245 1 0 _aভিনসেন্ট ভ্যান গগ /
_cসাজিয়া আফরিন
246 _avinsent van gog
260 _aঢাকা :
_bডাউন প্রিন্টিং অ্যান্ড পাবলিকেশন,
_c2019.
300 _a১২৫ পৃ. :
_bচিত্র ;
_c২২ সেমি.।
504 _aগ্রন্থপঞ্জিগত নির্দেশিকা ও নিঘন্ট অন্তভূক্ত
650 _aভিনসেন্ট চিত্রকলা
942 _cBK
999 _c2377
_d2377